000 00681cam a22002411 4500
001 sa 63002793
003 DLC
005 20260227111936.0
008 890724s1962 ii a 000 0 maro
010 _asa 63002793
025 _aPL480:I-Mar-212
035 _a(OCoLC)20062066
040 _aDLC
_cWaU
_dNSyU
_dDLC
042 _apremarc
050 0 0 _aPK2353
_b.K3
100 1 _aKalelkar, Narayan Govind,
_d1909-
245 1 0 _aBhāshā āṇi sãskr̥ti,
_cNārāyaṇa Govinda Kālekara.
250 _a[Pahilī āvṛtti]
260 _aMumbaī,
_bMauja Prakāśana Gṛha
_c[1962]
300 _a138 p.
_bill.
_c 22 cm.
500 _aIn Marathi.
650 0 _aMarathi philology.
999 _c54669
_d54669